Batavia sacra, sive, Res gestae apostolicorum virorum, qui fidem Bataviae primi intulerunt in duas partes divisa / cum typis Aeneis omnia industriâ ac studio T. S. F. M. L. H. S. T. L. P. V. T.

Detalles Bibliográficos
Formato: Libro
Lenguaje:Undetermined
Latin
Publicado: Bruxellis : pro Francisco Foppens, 1714.
Materias:
Colección:Banco de datos
Acervo:Biblioteca Palafoxiana. Colección bibliográfica
Descripción Física:2 t. en 1 v. : il. ; f°
Tema general:Historia eclesiástica
Notas:Incluye frontispicio. Número de localización: t.1 (22622) ; t.2 (22622)
LEADER 00690nam a2200157Ia 4500
008 150723s9999 xx 000 0 und d
041 0 |a lat 
050 0 |a PAFX BR143 B3 
245 1 0 |a Batavia sacra, sive, Res gestae apostolicorum virorum, qui fidem Bataviae primi intulerunt in duas partes divisa / cum typis Aeneis omnia industriâ ac studio T. S. F. M. L. H. S. T. L. P. V. T. 
260 |a Bruxellis : pro Francisco Foppens, 1714. 
300 |a 2 t. en 1 v. : il. ; f° 
500 |a Incluye frontispicio. Número de localización: t.1 (22622) ; t.2 (22622) 
650 1 0 |a Historia eclesiástica 
942 |c PALALIB 
943 |g Biblioteca Palafoxiana. Colección bibliográfica 
999 |c 1052191  |d 1052191